Лазеры ультракоротких импульсов и их применения

Detaylı Bibliyografya
Yazar: Крюков П. Г. Петр Георгиевич
Özet:Книга посвящена проблеме получения лазерного излучения в виде ультракоротких импульсов, длительность которых приближается к периоду световой волны, т.е. составляет несколько фемтосекунд. Это одно из важнейших и актуальных направлений современной лазерной физики.Изложена краткая история исследований, приведших к созданию лазеров фемтосекундных импульсов. Обсуждаются принципы работы лазеров, позволяющих генерировать импульсы фемтосекундной длительности и усиливать их мощность вплоть до петаваттного уровня. Показано, как измеряются длительности столь коротких лазерных импульсов. Описаны конкретные системы лазеров. Рассматриваются некоторые наиболее яркие применения в области научных исследований, в технике и медицине, основанные как на предельно короткой длительности лазерных импульсов, так и на сверхвысокой интенсивности лазерного излучения. В частности, рассматривается новейшее применение фемтосекундных лазеров — прецизионное измерение оптических частот и возможность создания сверхточных и компактных оптических часов на этой основе. Книга предназначена студентам и аспирантам, изучающим лазерную физику, а также специалистам, работающим в этой области.
Dil:Rusça
Baskı/Yayın Bilgisi: Долгопрудный, Интеллект, 2012
Konular:
Materyal Türü: Kitap
KOHA link:https://koha.lib.tpu.ru/cgi-bin/koha/opac-detail.pl?biblionumber=190554

MARC

LEADER 00000nam0a2200000 4500
001 190554
005 20231101224306.0
010 |a 9785915590914 
035 |a (RuTPU)RU\TPU\book\207658 
090 |a 190554 
100 |a 20110125d2012 m y0rusy50 ca 
101 0 |a rus 
102 |a RU 
105 |a a j 001zy 
200 1 |a Лазеры ультракоротких импульсов и их применения  |f П. Г. Крюков 
210 |a Долгопрудный  |c Интеллект  |d 2012 
215 |a 248 с.  |c ил. 
320 |a Библиогр. в конце ст. 
330 |a Книга посвящена проблеме получения лазерного излучения в виде ультракоротких импульсов, длительность которых приближается к периоду световой волны, т.е. составляет несколько фемтосекунд. Это одно из важнейших и актуальных направлений современной лазерной физики.Изложена краткая история исследований, приведших к созданию лазеров фемтосекундных импульсов. Обсуждаются принципы работы лазеров, позволяющих генерировать импульсы фемтосекундной длительности и усиливать их мощность вплоть до петаваттного уровня. Показано, как измеряются длительности столь коротких лазерных импульсов. Описаны конкретные системы лазеров. Рассматриваются некоторые наиболее яркие применения в области научных исследований, в технике и медицине, основанные как на предельно короткой длительности лазерных импульсов, так и на сверхвысокой интенсивности лазерного излучения. В частности, рассматривается новейшее применение фемтосекундных лазеров — прецизионное измерение оптических частот и возможность создания сверхточных и компактных оптических часов на этой основе. Книга предназначена студентам и аспирантам, изучающим лазерную физику, а также специалистам, работающим в этой области. 
606 1 |a Лазеры  |2 stltpush  |3 (RuTPU)RU\TPU\subj\39821  |9 59726 
610 1 |a лазерные излучения 
610 1 |a свет 
610 1 |a короткие вспышки 
610 1 |a импульсы 
610 1 |a схемы 
610 1 |a резонаторы 
610 1 |a источники света 
610 1 |a модуляция 
610 1 |a лазерные пучки 
610 1 |a синтез 
610 1 |a синхронизация 
610 1 |a измерения 
610 1 |a самовоздействие 
610 1 |a оптические волны 
610 1 |a спектральный диапазон 
610 1 |a генерация 
610 1 |a применение 
610 1 |a техника 
610 1 |a биология 
610 1 |a медицина 
610 1 |a учебные пособия 
675 |a 621.373.826(075.8)  |v 3 
700 1 |a Крюков  |b П. Г.  |g Петр Георгиевич 
801 1 |a RU  |b 63413507  |c 20110125 
801 2 |a RU  |b 63413507  |c 20150609  |g RCR 
942 |c BK 
959 |a 11/20110125  |d 2  |e 1210,00  |f ЧЗТЛ:1  |f УФ:1 
959 |a 39/20110407  |d 2  |e 1210,00  |f ЧЗТЛ:1  |f АНЛ:1 
959 |a 4/20120126  |d 5  |e 550,00  |f ЧЗТЛ:1  |f АНЛ:1  |f УФ:3